000 01224nam a2200265 a 4500
001 BS0003285
003 BR-BrBNA
005 20230418192254.0
008 230308b |||||||| |||| 00| 0 por d
040 _aBR-BrBNA
_bpor
_cBiblioteca Nacional de Agricultura
041 _apor
072 _aB59
090 _aB59 BS0003285
100 1 _aBozzano, Ernesto.
245 1 _aOs animais tem alma? /
250 1 _a4. ed.
260 3 _aNiterói, RJ:
_bLachâtre,
_c1999.
300 _a160 p.
500 _aTitulo Original: Gli Animale hanno alma? Tradução de Francisco Klors Werneck.
520 3 _aErnesto Bozzano, um das mais notáveis pesquisadores espíritas do século XX, tenta, nesta obra, comprovar cientificamente a existência e sobrevivência da alma dos animais. Para isso persegue dois objetivos: a determinação objetiva de atividade supranormal nos animais (telepatia, premonição, mediunidade, etc.)e a comprovação de casos de aparição post-mortem de fantasmas de animais. Após a leitura deste livro você terá dado um grande passo para responder a esta pergunta: os animais têm alma?
650 _aESPIRITISMO
650 _aRELIGIÃO
909 _a202304
_bSergio Santos
_c56
_dSergio Santos
942 _cBK
999 _c8348
_d8348